| 000 | 00810nam a2200289 4500 | ||
|---|---|---|---|
| 001 | 00355387 | ||
| 003 | DO-SdBNP | ||
| 005 | 20180125104523.0 | ||
| 007 | 00355387 | ||
| 008 | 931110s1993 sp | ||spa | ||
| 016 | 7 |
_a _2BPMSU |
|
| 020 | _a8481300071 | ||
| 035 | _a | ||
| 040 |
_aBPMSU _bspa _cBPMSU _e |
||
| 041 | 1 |
_aspa _h |
|
| 080 | 0 | _a | |
| 100 | 1 |
_aHesse, Hermann _d1877-1962 |
|
| 240 | 1 | 0 |
_aKurgast _lEspaƱol |
| 245 | 1 | 0 |
_aEn el balneario / _cHermann Hesse _h |
| 260 |
_aBarcelona : _bPrimera Plana _c1993 |
||
| 300 |
_a96 p. : _c21 cm. |
||
| 490 | 1 |
_aGrandes autores _aBiblioteca de literatura universal _v8 |
|
| 830 | 0 |
_aGrandes autores _pBiblioteca de literatura universal |
|
| 942 |
_2ddc _cBK |
||
| 945 | _ainventariado, 2018 / dg | ||
| 956 |
_aVMATEO _210 _320151207 _6BPMSU _800151 |
||
| 999 |
_c9015 _d9015 |
||